000 01106nam2a22002291 4500
001 v19\rc\1243039
005 20250617233018.0
035 _a(NLR Aleph) 004400660
090 _a3874127
_c3874127
100 _a20060306d1888 |||y0rusy50 ca
101 0 _arus
102 _aRU
105 _ay z |||||
200 0 _aс 1-го февраля 1887 по 1-е февраля 1888 года
_e6-й
210 _d1888
_aБ. м.
215 _a15 с.
461 0 _1001v19\rc\1243036
_12001#$aОтчет...$fО-во взаимного вспоможения наборщиков г. Харькова$vс 1-го февраля 1887 по 1-е февраля 1888 года$90
_93874092
_aХарьковское общество взаимного вспоможения наборщиков
_cХарьков
_d1886-1915
_fО-во взаимного вспоможения наборщиков г. Харькова
_tОтчет...
_vс 1-го февраля 1887 по 1-е февраля 1888 года$90
801 0 _aRU
_bNLR
_gpsbo
801 1 _aRU
_bProSoft-M
_2rusmarc
852 _aNLR
_j18.319.5.4
942 _cBOOK
980 _aNB